000 01422cam a2200349 a 4500
999 _c128169
_d128169
001 14254820
003 ARRUPE
005 20180914114620.0
008 060206r20061999nyu b 001 0 eng
010 _a 2006003260
020 _a0415389550 (pbk.)
020 _a9780415389556
040 _aDLC
_cDLC
_dDLC
042 _apcc
050 0 0 _aHQ1154
_b.B88 2007
082 0 0 _a305.3
_222
100 1 _aButler, Judith,
_d1956-
_941329
245 1 0 _aGender trouble :
_bfeminism and the subversion of identity /
_cJudith Butler ; with an introduction by the author.
260 _aNew York :
_bRoutledge,
_c2006.
300 _axxxvi, 236 p. ;
_c20 cm.
440 0 _aRoutledge classics
_933080
500 _aOriginally published: 1999. 2nd ed.
504 _aIncludes bibliographical references (p. 205-228) and index.
650 0 _aFeminist theory.
_942204
650 0 _aSex role.
_942205
650 0 _aSex differences (Psychology)
_941932
650 0 _aIdentity (Psychology)
_942206
650 0 _aFemininity.
_941935
856 4 1 _3Table of contents only
_uhttp://www.loc.gov/catdir/toc/ecip067/2006003260.html
856 4 2 _3Publisher description
_uhttp://www.loc.gov/catdir/enhancements/fy0654/2006003260-d.html
906 _a7
_bcbc
_corignew
_d1
_eecip
_f20
_gy-gencatlg
942 _2lcc
_cMONOGRAPH